000 01038nam a2200313 i 4500
003 EG-GICUC
005 20260427073328.0
008 260427s1883 enka|||fr|||| 001 0 eng d
040 _aEG-GiCUC
_beng
_cEG-GiCUC
_dEG-GiCUC
_erda
041 0 _aeng
082 0 4 _221
_a343.231
_bBR . R
092 0 4 _221
099 _aLaw1 10 343.231 BR . R 1883
100 1 _a Browne, G. Lathom
_eAuthor.
245 1 0 _aReports Of Trials For By Murder By Poisoning; Prussic ACID, Strychnia, Antimony, Arsenic, And Aconitia:
_cG. Lathom Browne ; C. G. Stewart
264 1 _alondon:
_bStevens And Sons;
_c1883.
300 _a604 pages :
_billustrations,
_c24 cm
336 _2rda content
_atext
337 _2rda media
_aComputer
338 _2rda carrier
_aOnline Resource
500 _aIncludes index.
546 _aText in English
650 1 _aCriminal law
_2qrmak
651 1 _2qrmak
700 1 _aC. G. Stewart
_ejoint author.
856 4 0 _uhttps://fll.law.cu.edu.eg/fulltext/bks/B10-10980.pdf
905 _a158
942 _2ddc
_n0
_cBK
_e21
999 _c73527
_d73527